000 00269nam a2200133Ia 4500
100 _aHannah John
942 _cBK
654 _aMechanics
245 _aMechanics Of Machine
260 _bEdwerd Arnold
082 _a621.8
_bHan/Ste
546 _aENGLISH
999 _c26659
_d26659